MARC

LEADER 00000nam0a2200000 4500
001 366822
005 20231102011924.0
035 |a (RuTPU)RU\TPU\retro\24185 
090 |a 366822 
100 |a 20220218d1980 m y0rusy50 ca 
101 0 |a rus 
102 |a RU 
105 |a a j 001zy 
200 1 |a Радиорелейная связь на железнодорожном транспорте  |e учебник для вузов  |f под ред. П. Н. Рамлау 
210 |a Москва  |c Транспорт  |d 1980 
215 |a 287 с.  |c ил. 
320 |a Библиогр.: с. 279-281 
320 |a Предм. указ.: с. 282-284 
606 1 |a Железнодорожная радиосвязь  |x Электропитание  |2 stltpush  |3 (RuTPU)RU\TPU\subj\10374  |9 37459 
610 1 |a радиорелейная связь 
610 1 |a железнодорожный транспорт 
610 1 |a учебники 
610 1 |a радиорелейные линии 
610 1 |a постройка 
610 1 |a уплотнение 
610 1 |a импульсные системы 
610 1 |a модулирование 
610 1 |a каналы 
610 1 |a радиочастотное оборудование 
610 1 |a радиолинейные системы 
610 1 |a помехоустойчивость 
610 1 |a энергоснабжение 
610 1 |a надежность 
675 |a 656.254(075.8)  |v 4 
702 1 |a Рамлау  |b П. Н.  |4 340 
801 1 |a RU  |b 63413507  |c 20220218 
801 2 |a RU  |b 63413507  |c 20230221  |g RCR 
942 |c BK